Institucionalidad social para la superación de la pobreza y promoción de la equidad
Guardat en:
| Autor corporatiu: | |
|---|---|
| Format: | Llibre |
| Idioma: | espanyol |
| Publicat: |
Santiago
MIDEPLAN
1998
|
| Matèries: | |
| Etiquetes: |
Afegir etiqueta
Sense etiquetes, Sigues el primer a etiquetar aquest registre!
|
MARC
| LEADER | 00000nam a2200000 a 4500 | ||
|---|---|---|---|
| 001 | UCQ2543 | ||
| 003 | CL-VaPUC | ||
| 005 | 20231117122543.0 | ||
| 008 | 980724e19980000cl 1 spa d | ||
| 082 | 0 | 4 | |a 339.46 |b OEA |2 21 |
| 110 | 2 | |a OEA |e author |9 619080 | |
| 245 | 1 | 0 | |a Institucionalidad social para la superación de la pobreza y promoción de la equidad |
| 260 | |a Santiago |b MIDEPLAN |c 1998 | ||
| 300 | |a 252 p | ||
| 583 | |a last modification |c 19980724 00:00:00 |k Rodrigo Vera | ||
| 650 | 0 | 0 | |a Pobreza |9 258652 |
| 650 | 0 | 0 | |a Economía |9 255568 |
| 650 | 0 | 0 | |a Políticas sociales |9 358116 |
| 650 | 0 | 0 | |a Trabajo |9 313876 |
| 650 | 0 | 0 | |a Salud |9 258663 |
| 650 | 0 | 0 | |a Justicia |9 255408 |
| 650 | 0 | 0 | |a Educación |9 258661 |
| 650 | 0 | 0 | |a Sociedad |9 307903 |
| 650 | 0 | 7 | |a SUPERACION DE LA POBREZA |2 CL-VaPUC |9 374446 |
| 650 | 0 | 7 | |a EQUIDAD |2 CL-VaPUC |9 256656 |
| 650 | 0 | 0 | |a Informes |9 334810 |
| 651 | 0 | |a América Latina |9 255027 | |
| 651 | 0 | |a México |9 255269 | |
| 942 | |c BK | ||
| 945 | |a aarredon |d 19980724 00:00:00 | ||
| 546 | |a En Español | ||
| 536 | |a OEA | ||
| 518 | |p Seminario taller, Santiago, 1997 | ||
| 999 | |c 383240 |d 383238 | ||
| 952 | |0 0 |1 0 |4 0 |6 339_460000000000000_OEA_1998 |7 0 |8 A |9 505301 |a BIBGIM |b BIBGIM |d 2020-01-23 |i 3444821 |o 339.46 OEA 1998 |p 3444821 |r 2025-01-15 |w 2020-01-23 |y BK |k SSL | ||